000 00324nam a2200145Ia 4500
100 _aJain R.K./ Gupta/ S.C.
942 _cBK
654 _aProduction Technology
245 _aProduction Techanology
260 _bKhanna pub.
_aDelhi
_c1989
082 _a670
_bJai/Gup
300 _a1562
546 _aENGLISH
999 _c26695
_d26695